logo

Bir Sreshtho Munshi Abdur Rouf Library
Jhenaidah Cadet College

অবসর অনবসর / (Record no. 214)

MARC details
000 -LEADER
fixed length control field 00652nam a2200229 a 4500
001 - CONTROL NUMBER
JCCL Control Number 214
003 - CONTROL NUMBER IDENTIFIER
JCCL marc code BD-JhCC
005 - DATE AND TIME OF LATEST TRANSACTION
control field 20171015164739.0
008 - FIXED-LENGTH DATA ELEMENTS--GENERAL INFORMATION
fixed length control field 171002s2006 bg |||| ||a| 000 0 ben d
035 ## - SYSTEM CONTROL NUMBER
system control number (BD-JhCC)214
040 ## - CATALOGING SOURCE
Original cataloging agency BD-JhCC
Modifying agency BD-JhCC
041 ## - LANGUAGE CODE
Language code of Book ben
082 ## - DEWEY DECIMAL CLASSIFICATION NUMBER
Classification number 891.3
Author mark and Year KAM 2006
100 ## - MAIN ENTRY--PERSONAL NAME
Personal name কামরুজ্জামান, মোঃ
245 ## - TITLE STATEMENT
Title অবসর অনবসর /
Statement of responsibility, etc মোঃ কামরুজ্জামান
260 ## - PUBLICATION, DISTRIBUTION, ETC. (IMPRINT)
Place of publication, distribution, etc ময়মনসিংহ.
Name of publisher, distributor, etc 3T প্রকাশনী,
Date of publication, distribution, etc 2006
300 ## - PHYSICAL DESCRIPTION
Pagination 112 p. :
Dimensions 21 cm.
650 ## - SUBJECT ADDED ENTRY--TOPICAL TERM
Topical term or geographic name as entry element Novel
651 ## - SUBJECT ADDED ENTRY--GEOGRAPHIC NAME
Geographic name Bangladesh
942 ## - ADDED ENTRY ELEMENTS (KOHA)
Source of classification or shelving scheme Dewey Decimal Classification
Koha item type Books
Holdings
Source of classification or shelving scheme Damaged status Not for loan Home library Current library Shelving location Date of accession Cost, normal purchase price Total Checkouts Full call number Barcode Date last seen Copy number Koha item type
Dewey Decimal Classification     JCC Rouf Library JCC Rouf Library General Stacks 10/02/2017 100.00   891.3 KAM 2006 1218 10/02/2017 C-1 Books
Dewey Decimal Classification     JCC Rouf Library JCC Rouf Library General Stacks 11/04/2017 100.00   891.3 KAM 2006 4288 11/04/2017 C-2 Books

JCC Library | Contacts | JCC Home

Last Update on 23 September 2017
Copyright @ 2017-2020 JCC Rouf Library
Rouf Library, Jhenidah Cadet College (JCC), Bangladesh